| 000 | 00574nam a22001937a 4500 | ||
|---|---|---|---|
| 003 | BD-ChCU | ||
| 005 | 20260429103649.0 | ||
| 008 | 260429b ny ||||| |||| 00| 0 eng d | ||
| 020 | _a9780071606547 | ||
| 040 | _cBD-ChCU | ||
| 082 |
_223 _a621.3678 W474r |
||
| 100 |
_aWeng, Qihao. _922065 |
||
| 245 |
_aRemote sensing and GIS integration : _btheories, methods and applications / _cQihao Weng. |
||
| 260 |
_aNew York : _bMcGraw- Hill, _c2010 |
||
| 300 | _a397 P. : | ||
| 504 | _aIncludes. | ||
| 650 | 0 |
_aRemote sensing-GIS ; GIS integration. _922066 |
|
| 942 |
_2ddc _cBK _n0 |
||
| 999 |
_c112510 _d112510 |
||